000 01164nam0a22002771 4500
001 rc\895496
005 20041129094211.7
035 _a(NLR Aleph) 006071734
090 _a5008880
_c5008880
100 _a20041129d1983 u |0rusy50 ca
101 0 _arus
102 _aRU
105 _aa |||||||||
200 1 _aПрименение масс-спектрометрии и ЭВМ в термодинамических исследованиях сульфидов
_fС.М. Кожахметов, В.А. Спицын, Р.А. Исакова
210 _aАлма-Ата
_cНаука
_d1983
215 _a207 с.
_cил.
_d20
300 _aВ надзаг.: АН КазССР, Ин-т металлургии и обогащения
320 _aБиблиогр.: с. 176-190 (195 назв.)
700 1 _aКожахметов
_bС. М.
_f1935-
_gСултанбек Мырзахметович
701 1 _aСпицын
_bВ. А.
_gВладимир Александрович
701 1 _aИсакова
_bР. А.
_gРуфина Афанасьевна
801 0 _aRU
_bNLR
_gpsbo
801 1 _aRU
_bELAR
_2rusmarc
852 _aNLR
_j83-3/6096
942 _cBOOK
980 _aNB